000 00801nam a22002297a 4500
999 _c17899
_d17899
003 AR-CdUCM
008 190510b ||||| |||| 00| 0 spa d
040 _aMUNICIPALIDAD PROVINCIAL DEL CUSCO
_cBIBLIOTECA MUNICIPAL DEL CUSCO
082 _a523.1 /
_bA51
100 _aAmigues
_938130
245 _aExcursiones celestes /
260 _aBuenos Aires :
_bMaucci hermanos e hijos,
300 _a189 páginas ;
_c17 cm.
440 _aBiblioteca de enseñanza popular
_938131
505 _aContenido : Descripción del universo -- El peso de los mundos -- El movimiento de los planetas y de sus satélites ...
650 _aPlanetas
_918636
650 _aSistema solar
_926751
650 _aMovimientos
_914998
700 _aDe Beraza, D.
_938132
942 _2ddc
_cLIBROS
945 _arah
_d10/05/2019